| 000 -LEADER |
| fixed length control field |
00663nam a22001817a 4500 |
| 005 - DATE AND TIME OF LATEST TRANSACTION |
| control field |
20221107172705.0 |
| 008 - FIXED-LENGTH DATA ELEMENTS--GENERAL INFORMATION |
| fixed length control field |
200731s2018 enk||||| |||| 00| 0 enk d |
| 020 ## - INTERNATIONAL STANDARD BOOK NUMBER |
| International Standard Book Number |
9781903128503 X |
| 080 ## - UNIVERSAL DECIMAL CLASSIFICATION NUMBER |
| Universal Decimal Classification number |
811.111.1 E-93 |
| 100 ## - MAIN ENTRY--PERSONAL NAME |
| Personal name |
Evans, Virginia |
| 9 (RLIN) |
3157 |
| 245 ## - TITLE STATEMENT |
| Title |
Successful Writing: Intermediate / |
| Statement of responsibility, etc. |
Virginia Evans. |
| 264 ## - PRODUCTION, PUBLICATION, DISTRIBUTION, MANUFACTURE, AND COPYRIGHT NOTICE |
| Place of production, publication, distribution, manufacture |
Newbury : |
| Name of producer, publisher, distributor, manufacturer |
Express Publishing, |
| Date of production, publication, distribution, manufacture, or copyright notice |
2018. |
| 300 ## - PHYSICAL DESCRIPTION |
| Extent |
151 p. |
| Other physical details |
30 cm. |
| Dimensions |
ill. |
| 653 ## - INDEX TERM--UNCONTROLLED |
| keyword |
ინგლისური ენა |
| 653 ## - INDEX TERM--UNCONTROLLED |
| keyword |
გრამატიკა |
| 856 ## - ELECTRONIC LOCATION AND ACCESS |
| Uniform Resource Identifier |
file:///D:/Documents/Desktop/Successful%20writing_%20upper-intermediate%20(%20PDFDrive%20) |
| Link text |
pdf. ელ. ვერსია |
| 942 ## - ADDED ENTRY ELEMENTS (KOHA) |
| Source of classification or shelving scheme |
|
| Koha item type |
წიგნი |